| 000 | 01387nam a2200289 a 4500 | ||
|---|---|---|---|
| 001 | 000005406 | ||
| 005 | 20200929151652.0 | ||
| 008 | 090819s1985 es ad 001 0 spa d | ||
| 020 | _a8400060938 | ||
| 040 |
_aDO-SdBNP _bspa _cBNPHU |
||
| 082 |
_a631.587 _bA545m |
||
| 100 | 1 |
_aAnderson, Raymond L. _915345 |
|
| 245 | 1 | 3 |
_aUn modelo de simulación para sistemas de regadío. : _blos efectos del suministro y de los procedimientos operativos de distribución de agua en la producción y en las rentas de las explotaciones de regadío / _cRaymond L. Anderson, Arthur Maass ; traducción, introducción y preparación de la edición en español por Francisco Sánchez López. |
| 260 |
_aMadrid, España : _bConsejo Superior de Investigaciones Científicas, _c1985. |
||
| 300 |
_a190 p. : _bil., gráfcs. ; _c25 cm. |
||
| 504 | _aIncluye bibliografía y notas al pie de páginas. | ||
| 504 | _aBibliografía: p.163-165. | ||
| 650 | 4 |
_aRiego _xMétodos de simulación _915346 |
|
| 650 | 4 |
_aCultivos de regadío _915347 |
|
| 650 | 4 |
_aCultivos y agua _915348 |
|
| 700 | 1 |
_aSánchez López, Arturo, _eed. _915349 |
|
| 700 | 1 |
_aMaass, Arthur, _epról. _915350 |
|
| 710 | 1 |
_aConsejo Superior de Investigaciones Científicas (España) _915178 |
|
| 710 | 1 |
_aCentro de Edafología y Biología Aplicada de Salamanca (España) _915351 |
|
| 910 | _aValidado. Control de calidad EMS | ||
| 049 | _aBNPD | ||
| 999 |
_c5206 _d5206 |
||